000 00901nam a2200253Ia 4500
003 GCL
008 140319s9999 xx 000 0 ara d
040 _aGCL /
_cGCL
082 0 4 _a658.7
_bم ا
100 1 _aمنى محمد ابراهيم البطل
245 1 0 _aادارة المشتريات والمخازن :
_bاستراتيجيا والكترونيا /
_cمنى محمد ابراهيم البطل
260 _aالقاهرة :
_bالفا والولاء للطباعة
300 _a363 ص ؛
_c24 سم
650 0 4 _aالتجارة الخارجية
650 0 4 _aادارة المشتريات
650 0 4 _aادارة المخازن
650 0 4 _aالاستهلاك
650 0 4 _aالتجارة الدولية
650 0 4 _aالشراء
650 0 4 _aالمخازن
650 0 4 _aالقوة الشرائية
650 0 4 _aالتجارة الالكترونية
942 _2ddc
_cBK
999 _c8617
_d8617